LEADER 01942nam2 2200337 450 001 000043919 005 20180205121755.0 100 $a20180115d1961----km-y0itaa50------ba 101 0 $aita 102 $aIT 200 1 $a<>strutture produttive$fCassa per opere straordinarie di pubblico interesse nell'Italia meridionale (Cassa per il Mezzogiorno)$g[a cura] di Angerio Filangieri 210 $aRoma$cIstituto poligrafico dello Stato$d1961 215 $a316 p.,[45] carte di tav. ripieg.$d30 cm 225 2 $aCassa per opere straordinarie di pubblico interesse nell'Italia meridionale$iDocumenti$v4 316 $aSulla pagina precedente il frontespizio, firma autografa e data: Gioacchino Viggiani, 15 novembre 1961 410 0$12001$aCassa per opere straordinarie di pubblico interesse nell'Italia meridionale.$iDocumenti$v4 461 1$1001000043917$12001$aContributo alla conoscenza dell'agricoltura dei paesi della Comunita europea$v2 606 1 $aPaesi della Comunità Economica Europea$xPolitica agraria 606 2 $aMercato unico$xAgricoltura$yEuropa 676 $a338.181094$v(22. ed.)$9Agricoltura. Politiche internazionali. Europa 702 1$aFilangieri,$bAngerio 710 02$aCassa per opere straordinarie di pubblico interesse nell'Italia meridionale$0287783 801 0$aIT$bUniversità della Basilicata - B.I.A.$gREICAT$2unimarc 912 $a000043919 996 $aStrutture produttive$91532462 997 $aUNIBAS CAT $aSTD016$b01$c20180115$lBAS01$h1846 CAT $aTTM$b30$c20180205$lBAS01$h1217 FMT Z30 -1$lBAS01$LBAS01$mBOOK$1BASA2$APolo Tecnico-Scientifico$2FVIG$BFondo Viggiani$3FVig/41855$641855$5T41855$7Collocato presso la Scuola di Agraria$820180115$f35$FStanza riservata$hVol. 2 Z30 -1$lBAS01$LBAS01$mBOOK$1BASA2$APolo Tecnico-Scientifico$2FVIG$BFondo Viggiani$3FVig/41874$641874$5T41874$7Collocato presso la Scuola di Agraria$820180118$f35$FStanza riservata$hVol. 2 LEADER 01298nam2-2200385li-450 001 990000199510203316 005 20180312154637.0 010 $a0-7923-9890-4 035 $a0019951 035 $aUSA010019951 035 $a(ALEPH)000019951USA01 035 $a0019951 100 $a20001109d1997----km-y0itay0103----ba 101 0 $aeng 102 $aUS 200 1 $aNetworking security and standards$fWeidong Kou 210 $aBoston [etc.]$cKluwer Academic Publishers$dcopyr. 1997 215 $aXIII, 207 p.$cill.$d24 cm 225 2 $a<> Kluwer international series inengineering and computer science$v0 410 0$10010019941$12001$a<> Kluwer international series inengineering and computer science 610 1 $asicurezza dei dati 676 $a0058$9Sicurezza dei dati 700 1$aKou,$bWeidong$0746120 801 $aSistema bibliotecario di Ateneo dell' Università di Salerno$gRICA 912 $a990000199510203316 951 $a005.8 KOU$b0022267$c005.8$d00106562 959 $aBK 969 $aSCI 979 $c19980919 979 $c20001110$lUSA01$h1713 979 $aALANDI$b90$c20010327$lUSA01$h1737 979 $c20020403$lUSA01$h1627 979 $aPATRY$b90$c20040406$lUSA01$h1614 996 $aNetworking security and standards$91488819 997 $aUNISA LEADER 00544nam 2200181z- 450 001 9910864289903321 010 $a9786557145173 035 $a(CKB)5690000000425631 035 $a(EXLCZ)995690000000425631 100 $a20240610c2011uuuu -u- - 101 0 $aeng 200 10$aAs teorias das guerras preventivas e as relações internacionais 210 $cEditora UNESP 311 $a85-393-0196-2 906 $aBOOK 912 $a9910864289903321 996 $aAs teorias das guerras preventivas e as relações internacionais$94169035 997 $aUNINA